Score 0/16 Timer 03:00
1 Play Today
Hint State Capital % Correct
SSacramento
80.3%
AAustin
79.6%
BBoston
76.4%
HHonolulu
72.6%
IIndianapolis
72.1%
DDenver
71.6%
TTallahassee
68.6%
JJuneau
62.7%
Hint State Capital % Correct
OOklahoma City
60.9%
CColumbus
59.4%
PPhoenix
58.7%
RRaleigh
55.9%
FFrankfort
55.2%
NNashville
49%
LLittle Rock
43.4%
MMadison
42.7%
Remove Ads.
Support Sporcle.
Get the best of Sporcle when you Go Orange. This ad-free experience offers more features, more stats, and more fun while also helping to support Sporcle. Thank you for becoming a member.

You're not logged in!

Compare scores with friends on all Sporcle quizzes.
OR
Log In

Show Comments

Extras

Top Quizzes Today


Score Distribution

Your Account Isn't Verified!

In order to create a playlist on Sporcle, you need to verify the email address you used during registration. Go to your Sporcle Settings to finish the process.

Report this User

Report this user for behavior that violates our Community Guidelines.

Details: